Atlas of American geology,

Bibliographic Details
Main Author: Lobeck, A. K. (Armin Kohl), 1886-1958
Format: Book
Language:English
Published: New York, The Geographical Press, Columbia University, 1932.
Subjects:

MARC

Tag First Indicator Second Indicator Subfields
LEADER 00000cam a2200000 4500
001 in00000043850
005 20170327154651.0
008 740102s1932 nyu 00000 eng u
010 |a  33011446  
035 |a (OCoLC)00768984 
035 |9 AAE1060AM 
040 |c MDY  |d TXA 
049 |a TXAM  |c [93707] 
050 |a QE77  |b .L6 
082 0 |a 557.3084 
092 |a 557  |b U61, 1932 
100 1 |a Lobeck, A. K.  |q (Armin Kohl),  |d 1886-1958. 
245 1 0 |a Atlas of American geology,  |c complied and arranged by A. K. Lobeck. 
264 1 |a New York,  |b The Geographical Press, Columbia University,  |c 1932. 
300 |a 100 . incl. illus., maps, diagrs.  |c 29 cm. 
336 |a text  |b txt  |2 rdacontent 
337 |a unmediated  |b n  |2 rdamedia 
338 |a volume  |b nc  |2 rdacarrier 
500 |a Caption title. 
500 |a Printed by offset process. 
500 |a "Diagrams, maps, and other illustrations selected from a wide variety of sources ... [arranged] by physiographic provinces ... of the United States." 
650 0 |a Geology  |z United States  |x Maps. 
650 0 |a Atlases. 
999 f f |s 983c17aa-2637-352d-8e4e-568bf1e7c089  |i c0ee7d1f-856d-3c69-8ce1-1766e8b6d2a7  |t 0 
952 f f |p ric  |a Texas A&M University  |b Rellis Campus  |c Joint Library Facility  |s JLF  |d Remote Storage  |t 0  |e QE77 .L6 1932  |h Library of Congress classification  |i unmediated -- volume  |m A14800961758 
998 f f |a QE77 .L6 1932  |t 0  |l Remote Storage